| 000 | 00612nam a2200241Ia 4500 | ||
|---|---|---|---|
| 003 | OSt | ||
| 005 | 20221007082001.0 | ||
| 006 | a|||||r|||| 00| 0 | ||
| 007 | ta | ||
| 008 | 221006b |||||||| |||| 00| 0 eng d | ||
| 024 | _a28,838 | ||
| 037 | _cTextual | ||
| 040 |
_aFLL _cFLL _beng |
||
| 041 |
_2eng _aeng |
||
| 082 | _aZ8, L9 | ||
| 100 |
_aFlick G.A. _9698436 |
||
| 245 | 0 | _aOutlines of law in Australia | |
| 250 | _a4th | ||
| 260 |
_aSydney _bThe Law Book Company Ltd. Sydney _c1979 |
||
| 300 |
_axvii,255p _ccm. |
||
| 942 |
_hZ8, L9 _cTEXL _2CC |
||
| 999 |
_c1164946 _d1164946 |
||